Normal view
MARC view
- Lt Col Muhammad Bilal Khurshid
Entry Personal Name
001 - CONTROL NUMBER
- control field: 51226
003 - CONTROL NUMBER IDENTIFIER
- control field: NUST
005 - DATE AND TIME OF LATEST TRANSACTION
- control field: 20210314134931.0
008 - FIXED-LENGTH DATA ELEMENTS
- fixed length control field: 210314|| aca||aabn | a|a d
040 ## - CATALOGING SOURCE
- Original cataloging agency: NUST
- Transcribing agency: NUST
100 ## - HEADING--PERSONAL NAME
- Personal name: Lt Col Muhammad Bilal Khurshid
670 ## - SOURCE DATA FOUND
- Source citation: Work cat.: (NUST): Syed Muhammad Raza 51224, Effects of Feeder Routes of Metro Bus Islamabad and Analysis of Traffic Using Simulation (Vissim), 2017.
